000 00425cam a22001337a 4500
008 180718b1958 xxu||||| |||| 00| 0 eng d
082 _aT211x54 H288
100 _aHattingadi, Gopal S.
245 _aThe vanaspati industry
_cby Gopal S. Hattingadi
260 _aHyderabad
_bIndian Central Oilseeds Committee
_c1958
300 _a100p.
650 _aFood industry and trade - India
700 _aIndian Central Oilseeds Committee
999 _c367834
_d367834